Law for home improvers and self-builders (Record no. 103698)

MARC details
000 -LEADER
fixed length control field 00871cam a2200217 4500
001 - CONTROL NUMBER
control field L127073
008 - FIXED-LENGTH DATA ELEMENTS--GENERAL INFORMATION
fixed length control field 040817n2004 000 0 eng u
020 ## - INTERNATIONAL STANDARD BOOK NUMBER
International Standard Book Number 1843307065
035 ## - SYSTEM CONTROL NUMBER
System control number (Sirsi) u127073
041 ## - LANGUAGE CODE
Language code of text/sound track or separate title eng
050 ## - LIBRARY OF CONGRESS CALL NUMBER
Classification number 346.41043
-- 18
100 ## - MAIN ENTRY--PERSONAL NAME
Personal name Elyahou, Guy
245 ## - TITLE STATEMENT
Title Law for home improvers and self-builders
Remainder of title all you need to know about buying, building and improving your home
260 ## - PUBLICATION, DISTRIBUTION, ETC.
Place of publication, distribution, etc. London
Name of publisher, distributor, etc. New Holland Publishers
Date of publication, distribution, etc. 2004
300 ## - PHYSICAL DESCRIPTION
Extent 176p.
Dimensions 21cm.
350 ## - PRICE (NR) (BK AM CF MU VM SE) [OBSOLETE]
Price 7.99
520 ## - SUMMARY, ETC.
Summary, etc. Introduces the basic legal concepts likely to be encountered by those building their own houses or involved in home improvement projects. Part 1 covers buying, planning and developing land and Part 2 home extensions and renovations. Appendices cover Scottish law and Latin terms.
690 ## - LOCAL SUBJECT ADDED ENTRY--TOPICAL TERM (OCLC, RLIN)
Topical term or geographic name as entry element Residential property
9 (RLIN) 6266
942 ## - ADDED ENTRY ELEMENTS (KOHA)
Suppress in OPAC 0
Holdings
Withdrawn status Lost status Source of classification or shelving scheme Damaged status Not for loan Home library Current library Shelving location Date acquired Cost, normal purchase price Total Checkouts Full call number Barcode Date last seen Date last checked out Copy number Cost, replacement price Price effective from Koha item type
    Dewey Decimal Classification     London London Books 16/06/2005 7.99 2 346.41043 ELY 30070873 06/08/2019 05/05/2009 1 7.99 06/08/2019 Book